Jeden z Dziesięciu - trudne pytania #06 - Statystyki

Ogólne statystyki
  • Ten quiz został rozwiązany 27 razy
  • Średni wynik to 9 z 20
Statystyki odpowiedzi
Pytania Odpowiedź % Poprawnych
Który miesiąc po czesku to kveten? maj
84%
Ile płotków ustawia się w biegu przez płotki na 100 metrów? 10
76%
Jak nazywa się chińskie naczynie do gotowania przpominające głęboką miskę? wok
76%
Reprezentacja którego kraju wygrała mistrzostwa świata w piłce ręcznej mężczyzn w 2025 r.? Danii
60%
Dla którego kontynentu charakterystyczna jest formacja roślinna znana jako skrub? Australii
56%
Kto obecnie sprawuje urząd Marszałka RP? nikt
52%
Może być przedni, sawannowy, cesarski - jakie to zwierzę? orzeł
52%
Jak nazywał się aktor z grupy Monty Python, który grał sir Lancelota w Monthy Python i Święty Graal? John Cleese
48%
Jakie były gody w tytule filmu Romana Polańskiego? gorzkie
44%
Co po łacinie znaczy in aqua scribis? pisane na wodzie
44%
Jak nazywał się popularny w latach 20. amerykański taniec w żywym tempie, metrum synkopowanym 4/4, dzielący nazwę ze stolicą Karoliny Południowej? charleston
40%
Epopeją narodową którego państwa jest Kalewala? Finlandii
40%
Nad którą rzeką leży Nieborów, z pałacem Radziwiłłów? nad Bzurą
40%
Jak nazywa się znak Związku Polaków w Niemczech? rodło
36%
Jak ma na imię główny bohater Doliny Issy Czesława Miłosza? Tomasz
36%
Dawną nazwą czego jest barysfera? jądra Ziemi
32%
Jak nazywał się pierwszy Polak, który dwukrotnie samotnie opłynął kulę ziemską? Krzysztof Baranowski
32%
Jak nazywa się najdłuższa rzeka Kolumbii? Magdalena
32%
Który francuski impresjonista znany był z malowania baletnic? Edgar Degas
24%
Jak nazywał się cykl powieści historycznych autorstwa Sigrid Undset, osadzony w XIV-wiecznej Norwegii? Krystyna, córka Lavransa
16%
Nie znaleziono quizów pasujących do podanych kryteriów
Rozkład punktacji
Procent ludzi z każdym wynikiem
Percentyl według liczby udzielonych odpowiedzi
Twoja historia wyników
Nie rozwiązałeś tego quizu